| 000 | 00673nam a2200193 i 4500 | ||
|---|---|---|---|
| 001 | 40535 | ||
| 003 | ES-MaACL | ||
| 005 | 20231227134111.0 | ||
| 007 | t| | ||
| 008 | 030306s1932 sp ||||1| spa d | ||
| 100 | 1 |
_aCarrión, Pascual, _d1891-1976 _935807 |
|
| 245 | 1 | 4 |
_aLos latifundios en España _b: su importancia. Orígen. Consecuencias. Solución / _cPascual Carrión ; prólogo de Fernando de los Ríos. |
| 260 |
_aMadrid : _bGráficas Reunidas, _c1932. |
||
| 300 |
_aVIII, 439 p. ; _c25 cm. |
||
| 650 | 4 |
_aLatifundios- _zEspaña. _9164140 |
|
| 700 | 1 |
_aRíos, Fernando de los, _d1879-1949 _997398 |
|
| 852 |
_aES-MaACL _jA-1027 |
||
| 999 |
_c40535 _d40535 |
||